Logo Biblioteca

Historia de Rosario : (Registro nro. 486)

Detalles MARC
000 -LEADER
fixed length control field 00714nam a22002177a 4500
003 - CONTROL NUMBER IDENTIFIER
control field OSt
005 - DATE AND TIME OF LATEST TRANSACTION
control field 20250919150100.0
008 - FIXED-LENGTH DATA ELEMENTS--GENERAL INFORMATION
fixed length control field 250515t2024 ag ao|||r|||| 00| 0dspa d
020 ## - INTERNATIONAL STANDARD BOOK NUMBER
International Standard Book Number 978-987-8429-35-9
040 ## - CATALOGING SOURCE
Transcribing agency besoc
080 ## - UNIVERSAL DECIMAL CLASSIFICATION NUMBER
Authority record control number or standard number 94(821.6)
100 1# - MAIN ENTRY--PERSONAL NAME
Personal name Álvarez, Juan,
Dates associated with a name 1878-1954
Relator term autor
245 10 - TITLE STATEMENT
Title Historia de Rosario :
Remainder of title 1689-1939 /
Statement of responsibility, etc. Juan Álvarez.
250 ## - EDITION STATEMENT
Edition statement 3a ed.
260 ## - PUBLICATION, DISTRIBUTION, ETC.
Place of publication, distribution, etc. Rosario :
Name of publisher, distributor, etc. Editorial Municipal de Rosario ;
-- UNR Editora,
Date of publication, distribution, etc. 2024.
300 ## - PHYSICAL DESCRIPTION
Extent 584 p. :
Other physical details il. y fot. ;
Dimensions 23 cm.
500 ## - GENERAL NOTE
General note Próloga a la tercera edición de Mario Glück.
500 ## - GENERAL NOTE
General note Prólogo de Alicia Megías.
650 #4 - SUBJECT ADDED ENTRY--TOPICAL TERM
Topical term or geographic name entry element Rosario
Form subdivision Historia
Chronological subdivision Siglo XVII
-- Siglo XVIII
-- Siglo XIX
-- Siglo XX
942 ## - ADDED ENTRY ELEMENTS (KOHA)
Source of classification or shelving scheme Universal Decimal Classification
Koha item type Obra General
Suppress in OPAC No
Existencias
Withdrawn status Lost status Source of classification or shelving scheme Damaged status Not for loan Collection Home library Current library Date acquired Source of acquisition Total checkouts Full call number Barcode Date last seen Price effective from Koha item type
    Universal Decimal Classification     Colección General Biblioteca Escuela de Ciencias Sociales Biblioteca Escuela de Ciencias Sociales 15/05/2025 Donación 2025   94(821.6) AL473 001434 15/05/2025 15/05/2025 Obra General
Biblioteca de la Escuela Preuniversitaria en Ciencias Sociales y Humanísticas.
Riobamba 250 bis.
CP 2000 - Rosario - Santa Fe
E-Mail: biblioteca@esociales.unr.edu.ar